Estatísticas para Todas as ruas levam a Roma - Países

Clique aqui para jogar o quiz

Estatísticas Gerais

  • Esse quiz foi jogado 51 vezes
    (23 desde o último reset)
  • A pontuação média é 7 de 10

Estatísticas das Respostas

DicaPaís% Correto
País de morada
da cidade no título
100%
O único vizinho de Portugal, em
questões terrestres
90%
País que começa com N e se adicionar
mais 2 letras, seu nome
vira o nome de seu vizinho
85%
Único país que começa com
D e tem a Cruz Nórdica
85%
Único país que começa com O
85%
Vizinho do país Nº 2
85%
País que em inglês, fica com 11
letras
55%
O país secreto é...
50%
Um país no top 5 com mais vulcões
começando com I
45%
País que já ganhou 3 copas mundiais
e faz fronteira com o Brasil
45%

Distribuição das Pontuações

Percentil de Números Respondidos

Porcentagem de Pessoas com Cada Pontuação

Sua Pontuação Histórica

Você não jogou esse quiz desde o último reset